Sports Quiz

Random Sports or NFL Quiz
Score 0/6 Timer 01:00
1 Play Today
% Correct
Michael Vick
90.3%
Steve Young
87.5%
Boomer Esiason
75.2%
Ken Stabler
66.3%
Mark Brunell
65%
Frankie Albert
17.3%
Remove Ads.
Support Sporcle.
Get the best of Sporcle when you Go Orange. This ad-free experience offers more features, more stats, and more fun while also helping to support Sporcle. Thank you for becoming a member.

You're not logged in!

Compare scores with friends on all Sporcle quizzes.
OR
Log In

Show Comments

Extras

Top Quizzes Today


Score Distribution

Your Account Isn't Verified!

In order to create a playlist on Sporcle, you need to verify the email address you used during registration. Go to your Sporcle Settings to finish the process.

Report this User

Report this user for behavior that violates our Community Guidelines.

Details: